• 首页
  • 本馆介绍
  • 公告通知
  • 最新文献
  • 馆藏检索
  • 电子资源
  • 读者导购
  • 参考咨询
  • 我的图书馆
  • 登录
  • 详细信息显示
  • 放入我的书架
  • 预约/预借图书
  • 作者相关作品
  • 分类相关作品
  • 丛书相关作品
  • 出版社相关作品

书目信息

  • 表格格式
  • 工作单格式
  • 卡片格式
题名:
李渔
    
 
作者: 赵海霞 著
分册:  
出版信息: 西安   陕西师范大学出版总社  2017
页数: 152页
开本: 24cm
丛书名: “大家精要”丛书
单 册:
中图分类: K825.6=49
科图分类:
主题词:
电子资源:
ISBN: 978-7-5613-8717-7
000 00631oam2 2200229 450
001 2184
005 20180522171901.48
010    @a978-7-5613-8717-7@dCNY20.00
100    @a20170427d2017 em y0chiy50 ea
101 0  @achi
102    @aCN@b610000
105    @ay z 000yb
200 1  @a李渔@9li yu@f赵海霞著
210    @a西安@c陕西师范大学出版总社@d2017
215    @a152页@d24cm
225 2  @a“大家精要”丛书@h第一辑
461  0 @12001 @a“大家精要”丛书
600  0 @a李渔@f1611-约1679@x传记
690    @aK825.6=49@v5
701  0 @a赵海霞@9zhao hai xia@4著
801  0 @aCN@b91MARC@c20170427
905    @aMuseLib@dK825.6=49@e1088
    
    李渔/赵海霞著.-西安:陕西师范大学出版总社,2017
    152页;24cm.-(“大家精要”丛书.第一辑)
    
    
    ISBN 978-7-5613-8717-7:CNY20.00
    
●
相关链接 在E读中查询图书 在五车中查询图书 在当当中查询图书 在豆瓣中查询图书


正题名:李渔     索取号:K825.6=49/1088         预约/预借

序号 登录号 条形码 馆藏地/架位号 状态 备注
1 1108293   211082932   第二样本阅览室/ [索取号:K825.6=49/1088] 在馆    
2 1108294   211082941   教育系资料室/ [索取号:K825.6=49/1088] 在馆    
3 1108295   211082950   教育系资料室/ [索取号:K825.6=49/1088] 在馆    
4 1108296   211082969   第二借阅区/ [索取号:K825.6=49/1088] 在馆    
唐山师范学院图书馆 欢迎您!
大连网信软件有限公司© 版权所有